Becoming a U.S. citizen : A guide to the law, exam & interview
The path from green card to U.S. citizenship can be a long and winding one -- and bureaucratic hassles are inevitable. But with Becoming a U.S. Citizen, you can shave months or years off the time it takes to become a citizen
Đã lưu trong:
| Tác giả chính: | |
|---|---|
| Định dạng: | Sách |
| Ngôn ngữ: | Undetermined |
| Được phát hành: |
New York
Oxford University Press,
2014
|
| Những chủ đề: | |
| Các nhãn: |
Thêm thẻ
Không có thẻ, Là người đầu tiên thẻ bản ghi này!
|
| Thư viện lưu trữ: | Trung tâm Học liệu Trường Đại học Cần Thơ |
|---|
| LEADER | 00909nam a2200229Ia 4500 | ||
|---|---|---|---|
| 001 | CTU_225154 | ||
| 008 | 210402s9999 xx 000 0 und d | ||
| 082 | |a 342.73083 | ||
| 082 | |b B827 | ||
| 100 | |a Bray, Ilona M. | ||
| 245 | 0 | |a Becoming a U.S. citizen : | |
| 245 | 2 | |b A guide to the law, exam & interview | |
| 245 | 0 | |c Ilona M. Bray. | |
| 260 | |a New York | ||
| 260 | |b Oxford University Press, | ||
| 260 | |c 2014 | ||
| 520 | |a The path from green card to U.S. citizenship can be a long and winding one -- and bureaucratic hassles are inevitable. But with Becoming a U.S. Citizen, you can shave months or years off the time it takes to become a citizen | ||
| 650 | |a Quyền công dân,Citizenship | ||
| 650 | |x Các kỳ thi, câu hỏi, v.v ...,Examinations, questions, etc | ||
| 650 | |z United States | ||
| 904 | |i Tuyến | ||
| 980 | |a Trung tâm Học liệu Trường Đại học Cần Thơ | ||